Responses for show #484 - Thursday, October 16, 1986

Dave Traini game 5.

Contestants

Brian Barrett, a carpenter from Venice, California

Elizabeth Charland, a water engineer originally from Mount Vernon, Indiana

Dave Traini, a teacher from Medford Lakes, New Jersey (whose 4-day cash winnings total $44,002)

Jeopardy! Round responses

HOLIDAYS
ZOOLOGY
WILD WEST
TRAVEL & TOURISM
'60s SONGS
POINT IT OUT
(Alex: That last category means exactly that, that when you respond you must point to something physically.)
    $100 13
a sloth

Elizabeth
    $100 4
Buffalo Bill (Cody)

Brian
    $100 2
Denmark

Brian
    $100 12
(Brian: What is "Mame"?)

"Hello, Dolly!"

ElizabethBrian
    $100 1
(Elizabeth: What is the nose? [Points to nose])
...
(Brian: What is [*]?)
(Alex: Point it out.)
(Brian: [Gestures toward chest])

the chest

ElizabethBrian
    $200 14
North America

Elizabeth
    $200 8
Samuel Colt

Dave
    $200 3
trains

Elizabeth
    $200 18
(Elizabeth: Who is John Denver?)

John Sebastian

DaveElizabeth
    $200 22
(Elizabeth: What is [*] [points to nose]?)

on the nose

Elizabeth
    $300 15
(Alex: The ursids are the bears.)

cub

Triple Stumper
    $300 9
Billy the Kid

Dave
    $300 5
(Dave: What is Canada?)

Israel

Dave
Triple Stumper
    $300 19
Martha & the Vandellas

Dave
    $300 25
(Dave: What is [*] [pointing to head]?)

on his head because it's a hat

Dave
    $400 24
(Elizabeth: What is the 21st of February?)

22nd (of February)

DaveElizabeth
    $400 16
antelope

Triple Stumper
    $400 10
Note: marshalls (sic).

Dodge City

Dave
    $400 6
kissing it

Dave
    $400 20
(Brian: What is "diddy dum diddy do"?)
...
(Alex: You threw the wrong "diddy" in there, Brian. We were going for just three. We have one minute to go in the round.)

dum diddy do

DaveBrian
    $400 26
(Elizabeth: What is [places hands over mouth]?)
[The end-of-round signal sounds.]

speak no evil

Elizabeth
    $500 23
the anniversary of the revolution

Brian
    $500 17
the peregrine falcon

Dave
    $500 11
the Alamo

Dave
    $500 7
(Dave: What is the United States?)
(Alex: This rock is the famous Ayers Rock, Elizabeth knew that, in [*].)

Australia

Dave
    $500 21
? & the Mysterians

Dave

Scores at the first commercial break (after clue 11):

Dave Elizabeth Brian
$1,000 $100 $300

Scores at the end of the Jeopardy! Round:

Dave Elizabeth Brian
$3,600 $500 $300

Double Jeopardy! Round responses

AMERICAN LITERATURE
RELIGION
STARTS WITH "E"
POLITICAL QUOTES
SCIENTISTS
WW III
(Alex: This is not a typographical error.)
    $200 22
(Nathaniel) Hawthorne

Elizabeth
    $200 18
India

Dave
    $200 13
Environmental

Dave
    $200 12
Koch

Brian
    $200 6
the moon

Brian
    $200 1
New York City

Dave
    $400 28
[The end-of-round signal sounds.]

Joseph Heller

Dave
    $400 19
Ayatollah Khomeini

Elizabeth
    $400 14
(Brian: What is enigma?)
(Alex: Be a little more specific. Take another shot.)
(Brian: What is an enigma?)
(Alex: An enigma? Yeah, that's it. Alright. We were going for [*] to match the others.)

enigmatic

Brian
    $400 7
Jefferson

Elizabeth
    $400 8
Edmund Halley

Dave
    $400 2
tic tac toe

Triple Stumper
    $600 23
the Civil War

Brian
    $600 20
Ebenezer Baptist Church

Triple Stumper
    $600 15
Ecclesiastes

Triple Stumper
    $600 9
Mendel

Elizabeth
    $600 3
a mushroom cloud

Dave
    $2,000 24
(Brian: Who is...[out of time])

Washington Irving

Brian
    $800 16
to effervesce

Elizabeth
    $1,000 27
"My Country, Right or Wrong"

Dave
    $800 11
(Elizabeth: Who is Curie?)
(Alex: Be more specific.)
(Elizabeth: Marie Curie.)
(Alex: No.)

Pierre Curie

Elizabeth
Triple Stumper
    $800 4
Slim Pickens

Brian
    $1000 25
(Alex: So bad that not too many people know about him, I guess, [*].

Edgar Guest

Triple Stumper
    $1000 21
(Dave: Who is Knox?)
(Alex: Be more specific.)
(Dave: Who is James Knox?)
(Alex: No, sorry.)
...
(Alex: [*], yes. James is the President's name.)

John Knox

DaveElizabeth
    $1000 17
ersatz

Elizabeth
    $1000 26
Ben Franklin

Dave
    $1000 10
Jenner

Dave
    $1000 5
the Peacekeeper

Elizabeth

Scores at the end of the Double Jeopardy! Round:

Dave Elizabeth Brian
$7,600 $5,100 $500

[wagering suggestions for these scores]

Final Jeopardy! Round responses

ACTORS AND ROLES
(Alex: The films were "Heartburn" and "All the President's Men".)
BrianWho are Jack Nicholson and Robert Redford
$495
ElizabethWho are J. Nicholson & R. Redford?
$5,100
DaveWho are J. Nicholson & Dustin Hoffman?
$2,900
Jack Nicholson & Dustin Hoffman

Final scores:

Dave Elizabeth Brian
$10,500 $0 $5
5-day champion: $54,502 3rd place: Frigidaire laundry center 2nd place: trip to Florida via Eastern Airlines

Game dynamics:

Coryat scores:

Dave Elizabeth Brian
$7,900 $5,100 $2,500
21 R
(including 1 DD),
3 W
(including 1 DD)
14 R,
4 W
9 R,
3 W
(including 1 DD)

Combined Coryat: $15,500

The J! Archive is created by fans, for fans. The Jeopardy! game show and all elements thereof, including but not limited to copyright and trademark thereto, are the property of Jeopardy Productions, Inc. and are protected under law. This website is not affiliated with, sponsored by, or operated by Jeopardy Productions, Inc. Join the discussion at JBoard.tv.